Znižovanie administratívnej náročnosti riadenia v poľnohospodárstve záverečná správa SPEV 903-529-305-01/08

Salvato in:
Dettagli Bibliografici
Autore principale: Polončák, Milan
Altri autori: Latej, Marián
Natura: Libro
Lingua:slovacco
Pubblicazione: Košice VŠE 1984
Tags: Aggiungi Tag
Nessun Tag, puoi essere il primo ad aggiungerne!!

MARC

LEADER 00000nam a2200000 4500
001 c109838
005 20260326070241.7
041 0 |a slo 
044 |a SK 
245 1 0 |a Znižovanie administratívnej náročnosti riadenia v poľnohospodárstve  |b záverečná správa SPEV 903-529-305-01/08  |c Milan Polončák, Marián Latej 
264 1 |a Košice  |b VŠE  |c 1984 
300 |a Prer. s. 
100 1 |a Polončák, Milan 
700 1 |a Latej, Marián